[Event "European Club Cup 2006"]
[Site "Fuegen AUT"]
[Date "2006.10.10"]
[Round "3.112"]
[White "Thiede, Lars"]
[Black "Tisdall, Jonathan"]
[Result "1-0"]
[WhiteElo "2504"]
[BlackElo "2448"]
[PlyCount "73"]
[EventDate "2006.10.08"]
[EventType "team"]
[EventRounds "7"]
[EventCountry "AUT"]
[Source "lmi"]
[SourceDate "2006.10.08"]

1. g3 d5 2. c4 c6 3. Bg2 Nf6 4. Nf3 dxc4 5. Qc2 b5 6. a4 Bb7 7. b3 cxb3 8. Qxb3
a6 9. Ba3 e6 10. Bxf8 Kxf8 11. O-O Nbd7 12. d4 g6 13. Nbd2 Kg7 14. e4 Qb6 15.
Qb2 Rhe8 16. Rfc1 Kg8 17. e5 Nd5 18. Ne4 f5 19. Nd6 Re7 20. Ne1 Rf8 21. Nd3 g5
22. Rc2 Nb8 23. Nc5 Bc8 24. Nxc8 Rxc8 25. Nxe6 Rce8 26. Nxg5 Rg7 27. Nh3 Rg4
28. Bxd5+ cxd5 29. Nf4 Rxf4 30. gxf4 Kh8 31. Kh1 Nc6 32. Rc5 Na5 33. axb5 Rg8
34. Rg1 Rxg1+ 35. Kxg1 Qg6+ 36. Kh1 Qg4 37. Qc3 1-0

[Event "European Club Cup 2006"]
[Site "Fuegen AUT"]
[Date "2006.10.10"]
[Round "3.114"]
[White "Berndt, Stephan"]
[Black "Aulin Jansson, Joran"]
[Result "0-1"]
[WhiteElo "2445"]
[BlackElo "2221"]
[PlyCount "68"]
[EventDate "2006.10.08"]
[EventType "team"]
[EventRounds "7"]
[EventCountry "AUT"]
[Source "lmi"]
[SourceDate "2006.10.08"]

1. e4 c5 2. Nf3 d6 3. d4 cxd4 4. Nxd4 Nf6 5. Nc3 a6 6. Bc4 b5 7. Bb3 e6 8. Bg5
Be7 9. Qf3 Bb7 10. Bxe6 Qb6 11. Be3 fxe6 12. Nxe6 Qa5 13. Nxg7+ Kf7 14. Nh5
Bxe4 15. Qf4 Nbd7 16. O-O-O Bxg2 17. Rhe1 b4 18. Nxf6 Nxf6 19. Bd4 Rhf8 20.
Rxe7+ Kxe7 21. Re1+ Kd7 22. Bxf6 bxc3 23. Qg4+ Kc6 24. Re3 cxb2+ 25. Bxb2 Bd5
26. Rc3+ Kb6 27. Qd7 Rac8 28. Rb3+ Bxb3 29. Bd4+ Rc5 30. Qxd6+ Kb7 31. Bxc5 Rc8
32. Qe7+ Rc7 33. Qe4+ Rc6 34. Bb4 Qxa2 0-1

[Event "European Club Cup 2006"]
[Site "Fuegen AUT"]
[Date "2006.10.10"]
[Round "3.115"]
[White "Sahl, Sheila Barth"]
[Black "Schneider, Ilja"]
[Result "0-1"]
[WhiteElo "2192"]
[BlackElo "2368"]
[PlyCount "64"]
[EventDate "2006.10.08"]
[EventType "team"]
[EventRounds "7"]
[EventCountry "AUT"]
[Source "lmi"]
[SourceDate "2006.10.08"]

1. e4 e5 2. f4 Nc6 3. Nf3 f5 4. d4 fxe4 5. Nxe5 d6 6. Qh5+ g6 7. Nxg6 Nf6 8.
Qh4 Nxd4 9. Nxh8 Nxc2+ 10. Kd1 Nxa1 11. Be2 Bg7 12. Bh5+ Kf8 13. f5 Bxh8 14.
Bh6+ Bg7 15. Bxg7+ Kxg7 16. Qg5+ Kh8 17. Nc3 Qf8 18. Rf1 Qg7 19. Qxg7+ Kxg7 20.
Be2 d5 21. Nb5 c6 22. Nc7 Rb8 23. g4 h6 24. h4 Bd7 25. Kd2 d4 26. Rxa1 Rc8 27.
g5 Rxc7 28. gxf6+ Kxf6 29. Bg4 Rc8 30. Bh5 Rg8 31. Bg6 Bxf5 32. Bxf5 Rg2+ 0-1

[Event "European Club Cup 2006"]
[Site "Fuegen AUT"]
[Date "2006.10.10"]
[Round "3.117"]
[White "Kjartansson, David"]
[Black "Pinter, Jozsef"]
[Result "1-0"]
[WhiteElo "2288"]
[BlackElo "2513"]
[PlyCount "93"]
[EventDate "2006.10.08"]
[EventType "team"]
[EventRounds "7"]
[EventCountry "AUT"]
[Source "lmi"]
[SourceDate "2006.10.08"]

1. e4 e5 2. Nf3 Nc6 3. Nc3 Nf6 4. Bb5 Bd6 5. d3 O-O 6. Bg5 h6 7. Bh4 a6 8. Ba4
b5 9. Bb3 Be7 10. a4 Rb8 11. axb5 axb5 12. Bxf6 Bxf6 13. Nd5 d6 14. h3 g6 15.
Nxf6+ Qxf6 16. Qd2 Kg7 17. Qc3 Rb6 18. Bd5 Bd7 19. Bxc6 Rxc6 20. Qd2 b4 21. Nh2
Qg5 22. Qxg5 hxg5 23. Kd2 f5 24. f3 Rc5 25. Rhe1 Kf6 26. Ra7 Rb8 27. Nf1 Be6
28. Ne3 c6 29. Rea1 Rcb5 30. Rc7 R5b6 31. Rca7 d5 32. R1a5 dxe4 33. fxe4 fxe4
34. Ra1 g4 {[34. R6b7]} 35. Rf1+ Kg5 36. Rh7 gxh3 37. gxh3 Bxh3 38. Rxh3 b3 39.
Rg3+ Kh6 40. Nc4 {[40. Nf5+!?} Kh7 41. Rh1+ Kg8 42. Rxg6+ Kf7 43. Rg7+ Ke6 44.
dxe4 Rd8+ 45. Ke3 Rh8 46. Rxh8 bxc2 47. Rh6# {Rb5 Rf6} 1-0

[Event "European Club Cup 2006"]
[Site "Fuegen AUT"]
[Date "2006.10.10"]
[Round "3.118"]
[White "Fejzullahu, Afrim"]
[Black "Halldorsson, Halldor"]
[Result "1/2-1/2"]
[WhiteElo "2305"]
[BlackElo "2226"]
[PlyCount "81"]
[EventDate "2006.10.08"]
[EventType "team"]
[EventRounds "7"]
[EventCountry "AUT"]
[Source "lmi"]
[SourceDate "2006.10.08"]

1. e4 c5 2. Nf3 d6 3. c3 Nf6 4. Bd3 g6 5. O-O Bg7 6. Re1 O-O 7. Bc2 b6 8. d4
cxd4 9. cxd4 Bb7 10. Nc3 Nbd7 11. h3 Rc8 12. Bg5 Qc7 13. Rc1 Qb8 14. Qd2 Rfe8
15. Ba4 Rcd8 16. Qf4 a6 17. Bb3 e6 18. Qh4 Rc8 19. Rcd1 Qa8 20. a3 b5 21. Qf4
d5 22. Bxf6 Nxf6 23. e5 Nd7 24. Ng5 Rf8 25. Qh4 h6 26. Nf3 Rc7 27. Qg4 Rfc8 28.
Ne2 Nf8 29. Nf4 Bc6 30. Nd3 Be8 31. Ba2 a5 32. Qf4 b4 33. axb4 axb4 34. Bb3 Nd7
35. Ra1 Qb8 36. Ba4 Bf8 37. Nd2 Qb6 38. Qe3 Ra8 39. Bxd7 Rxa1 40. Rxa1 Bxd7 41.
Nc5 1/2-1/2

[Event "European Club Cup 2006"]
[Site "Fuegen AUT"]
[Date "2006.10.10"]
[Round "3.119"]
[White "Asgeirsson, Heimir"]
[Black "Idrizaj, Abedin"]
[Result "0-1"]
[WhiteElo "2191"]
[BlackElo "2249"]
[PlyCount "118"]
[EventDate "2006.10.08"]
[EventType "team"]
[EventRounds "7"]
[EventCountry "AUT"]
[Source "lmi"]
[SourceDate "2006.10.08"]

1. d4 d5 2. c4 e6 3. Nc3 Nf6 4. cxd5 exd5 5. Bg5 Be7 6. e3 h6 7. Bh4 O-O 8. Bd3
c6 9. Nge2 Nbd7 10. Qc2 Re8 11. O-O Nf8 12. Rad1 Bd6 13. h3 Ne6 14. f3 Bc7 15.
Bf5 Ng5 16. Bf2 Qd6 17. Bg3 Qe7 18. Bxc7 Qxc7 19. h4 Bxf5 20. Qxf5 Ngh7 21. e4
g6 22. Qh3 dxe4 23. fxe4 Nxe4 24. Qd3 Qe7 25. h5 Nf8 26. hxg6 Nxg6 27. Nxe4
Qxe4 28. Qxe4 Rxe4 29. Ng3 Re6 30. Nf5 Ne7 31. Nxe7+ Rxe7 32. d5 cxd5 33. Rxd5
Rc8 34. Rf3 Rc6 35. b4 Kg7 36. b5 Rg6 37. Kh2 Rg5 38. Rxg5+ hxg5 39. Ra3 Re5
40. Rxa7 Rxb5 41. a4 Rb2 42. a5 Kg6 43. a6 bxa6 44. Rxa6+ Kf5 45. Ra5+ Kg4 46.
Ra4+ Kh5 47. Kh3 Rb3+ 48. g3 f5 49. Kg2 Rb2+ 50. Kg1 Re2 51. Kf1 Re4 52. Ra3
Kg4 53. Rc3 Ra4 54. Rb3 Kh3 55. Rb5 Kxg3 56. Rxf5 Rf4+ 57. Rxf4 gxf4 58. Kg1 f3
59. Kh1 Kf2 0-1

[Event "European Club Cup 2006"]
[Site "Fuegen AUT"]
[Date "2006.10.10"]
[Round "3.121"]
[White "Gudmundsson, Stefan Freyr"]
[Black "Arben, Avdiu"]
[Result "0-1"]
[WhiteElo "2113"]
[BlackElo "2000"]
[PlyCount "50"]
[EventDate "2006.10.08"]
[EventType "team"]
[EventRounds "7"]
[EventCountry "AUT"]
[Source "lmi"]
[SourceDate "2006.10.08"]

1. e4 c5 2. Nc3 Nc6 3. g3 g6 4. Bg2 Bg7 5. d3 e6 6. Be3 d6 7. Qd2 Qa5 8. f4
Nge7 9. Nf3 Nd4 10. O-O Nec6 11. Ne1 O-O 12. Qf2 Bd7 13. g4 f5 14. gxf5 gxf5
15. Kh1 Rae8 16. Rg1 Qd8 17. Nf3 Qf6 18. e5 dxe5 19. fxe5 Nxe5 20. Nxe5 Qxe5
21. Bf4 Qf6 22. Bd6 Rf7 23. Bxb7 e5 24. Bd5 Qxd6 25. Qg3 Be6 0-1

[Event "European Club Cup 2006"]
[Site "Fuegen AUT"]
[Date "2006.10.10"]
[Round "3.124"]
[White "Abeln, Michiel"]
[Black "Thorfinnsson, Bragi"]
[Result "0-1"]
[WhiteElo "2380"]
[BlackElo "2387"]
[PlyCount "75"]
[EventDate "2006.10.08"]
[EventType "team"]
[EventRounds "7"]
[EventCountry "AUT"]
[Source "lmi"]
[SourceDate "2006.10.08"]

1. d4 Nf6 2. c4 e6 3. Nc3 Bb4 4. e3 O-O 5. Bd3 d5 6. Nf3 c5 7. O-O Nc6 8. a3
Bxc3 9. bxc3 dxc4 10. Bxc4 Qc7 11. Bb2 Rd8 12. Qe2 e5 13. h3 e4 14. Ng5 Rf8 15.
f3 Na5 16. Ba2 Qg3 17. Nxf7 Rxf7 18. Bxf7+ Kxf7 19. fxe4 Kg8 20. Rf3 Qg6 21.
Raf1 Qxe4 22. c4 Bd7 23. Rf4 Qg6 24. d5 Nh5 25. Rf7 Bxh3 26. R1f2 Bg4 27. Qf1
h6 28. Bc3 b6 29. Re7 Kh7 30. Rff7 Rg8 31. Be5 Nb3 32. Rf2 Na5 33. Bc3 Qg5 34.
Rff7 Ng3 35. Qb1+ Bf5 36. Qe1 Nh5 37. Qf1 Bg6 38. Re5 0-1

[Event "European Club Cup 2006"]
[Site "Fuegen AUT"]
[Date "2006.10.10"]
[Round "3.125"]
[White "Thorfinnsson, Bjorn"]
[Black "Ondersteijn, Niels"]
[Result "1-0"]
[WhiteElo "2317"]
[BlackElo "2288"]
[PlyCount "45"]
[EventDate "2006.10.08"]
[EventType "team"]
[EventRounds "7"]
[EventCountry "AUT"]
[Source "lmi"]
[SourceDate "2006.10.08"]

1. d4 g6 2. e3 Bg7 3. Be2 c5 4. c3 Nf6 5. Nd2 b6 6. Bf3 d5 7. e4 Bb7 8. e5 Nfd7
9. Ne2 e6 10. h4 f6 11. exf6 Qxf6 12. Nc4 Bf8 13. Bg5 Qf5 14. Nf4 h6 15. Ne3
hxg5 16. Nxf5 gxf4 17. Qe2 Kf7 18. g4 exf5 19. gxf5 gxf5 20. Bh5+ Kf6 21. Rg1
Rh6 22. Qe8 cxd4 23. cxd4 1-0

[Event "European Club Cup 2006"]
[Site "Fuegen AUT"]
[Date "2006.10.10"]
[Round "3.126"]
[White "Broekmeulen, Jasper"]
[Black "Bjornsson, Sigurbjorn"]
[Result "1-0"]
[WhiteElo "2273"]
[BlackElo "2335"]
[PlyCount "103"]
[EventDate "2006.10.08"]
[EventType "team"]
[EventRounds "7"]
[EventCountry "AUT"]
[Source "lmi"]
[SourceDate "2006.10.08"]

1. e4 c5 2. Nf3 d6 3. d4 cxd4 4. Nxd4 Nf6 5. Nc3 a6 6. Be3 e5 7. Nf3 Be6 8. Ng5
Bg4 9. Be2 Bxe2 10. Qxe2 h6 11. Nf3 Nbd7 12. O-O-O Rc8 13. Qd3 Be7 14. Kb1 Nc5
15. Bxc5 Rxc5 16. Nd2 Qc7 17. f3 O-O 18. Nf1 Rc8 19. Ne3 Rxc3 20. Qxc3 Qxc3 21.
bxc3 Rxc3 22. Nf5 Bf8 23. Nxd6 Rc6 24. Nf5 g6 25. Ne3 Bc5 26. Rd3 Bd4 27. Nd1
Ne8 28. c3 Bb6 29. Ne3 Bxe3 30. Rxe3 Nd6 31. Rd3 Nc4 32. Ka1 Na3 33. Kb2 Nc4+
34. Kb3 Na5+ 35. Kb4 b6 36. Ka3 Kg7 37. Kb2 Rc4 38. Rb1 Rc6 39. a4 f5 40. exf5
gxf5 41. Ka2 Nc4 42. Rb4 Kf6 43. Kb3 Na5+ 44. Kc2 Nc4 45. Kd1 Rc8 46. Ke2 h5
47. f4 a5 48. fxe5+ Kxe5 49. Rb5+ Ke6 50. Rh3 Rg8 51. g3 Rd8 52. Rh4 1-0

[Event "European Club Cup 2006"]
[Site "Fuegen AUT"]
[Date "2006.10.10"]
[Round "3.127"]
[White "Hardarson, Robert"]
[Black "Span, Paul"]
[Result "1-0"]
[WhiteElo "2310"]
[BlackElo "2278"]
[PlyCount "61"]
[EventDate "2006.10.08"]
[EventType "team"]
[EventRounds "7"]
[EventCountry "AUT"]
[Source "lmi"]
[SourceDate "2006.10.08"]

1. e4 Nf6 2. e5 Nd5 3. d4 d6 4. Nf3 dxe5 5. Nxe5 c6 6. Bd3 Nd7 7. O-O Nxe5 8.
dxe5 Be6 9. a3 Qd7 10. Qe2 Bg4 11. f3 Bf5 12. Rd1 Bxd3 13. Rxd3 Qf5 14. c4 Nb6
15. b3 e6 16. Bb2 Bc5+ 17. Kh1 O-O 18. Nc3 Rfd8 19. Rad1 Rxd3 20. Rxd3 Be7 21.
Ne4 Rd8 22. a4 a5 23. Rxd8+ Bxd8 24. Qd2 Bc7 25. Qxa5 h5 26. Qd2 Bxe5 27. Bxe5
Qxe5 28. Qd8+ Kh7 29. Qxb6 f5 30. Ng5+ Kg6 31. Nh3 1-0

[Event "European Club Cup 2006"]
[Site "Fuegen AUT"]
[Date "2006.10.10"]
[Round "3.128"]
[White "Muhren, Willem"]
[Black "Johannesson, Ingvar Thor"]
[Result "1/2-1/2"]
[WhiteElo "2260"]
[BlackElo "2271"]
[PlyCount "103"]
[EventDate "2006.10.08"]
[EventType "team"]
[EventRounds "7"]
[EventCountry "AUT"]
[Source "lmi"]
[SourceDate "2006.10.08"]

1. e4 d5 2. exd5 Nf6 3. Bb5+ Bd7 4. Be2 Nxd5 5. d4 Nf6 6. c4 e6 7. Nf3 Bc6 8.
Qb3 Nbd7 9. O-O Be7 10. Nc3 O-O 11. Qc2 Bxf3 12. Bxf3 c6 13. Bf4 Nb6 14. Ne2
Qd7 15. Rab1 a5 16. a3 Nc8 17. b4 axb4 18. axb4 Nd6 19. Rfd1 Nf5 20. g3 Rfc8
21. Qb3 h6 22. Bc1 Rd8 23. b5 cxb5 24. Qxb5 Qxb5 25. Rxb5 Rac8 26. Rxb7 Rxc4
27. Bf4 Bd6 28. Be3 Ne7 29. Ra1 Ned5 30. Raa7 Rc7 31. Rxc7 Bxc7 32. Rb7 Ra8 33.
Rxc7 Nxc7 34. Bxa8 Nxa8 35. Bd2 Nc7 36. Bb4 Ncd5 37. Ba3 Ne4 38. Kg2 f6 39. Bc1
Kf7 40. f3 Nd6 41. Kf2 Nb5 42. Bd2 Ke7 43. Ke1 Kd6 44. Kd1 Kc6 45. Kc2 Nd6 46.
Kd3 Kb5 47. Nc1 Kc6 48. Ne2 Nb5 49. Kc4 Nb6+ 50. Kd3 Nd5 51. Kc4 Nd6+ 52. Kd3
1/2-1/2

[Event "European Club Cup 2006"]
[Site "Fuegen AUT"]
[Date "2006.10.10"]
[Round "3.129"]
[White "Maki Uuro, Miikka"]
[Black "Baburin, Alexander"]
[Result "0-1"]
[WhiteElo "2392"]
[BlackElo "2541"]
[PlyCount "96"]
[EventDate "2006.10.08"]
[EventType "team"]
[EventRounds "7"]
[EventCountry "AUT"]
[Source "lmi"]
[SourceDate "2006.10.08"]

1. d4 d5 2. c4 dxc4 3. Nf3 a6 4. e3 e6 5. Bxc4 c5 6. O-O Nf6 7. dxc5 Bxc5 8.
Qxd8+ Kxd8 9. a3 Ke7 10. b4 Bd6 11. Bb2 b5 12. Be2 Bb7 13. Nbd2 Nbd7 14. Rac1
Rac8 15. Nb3 e5 16. Na5 Ba8 17. Rfd1 h6 18. Kf1 Ke6 19. Rxc8 Rxc8 20. Rc1 Rxc1+
21. Bxc1 g5 22. h3 Ne4 23. Nd2 Nc3 24. Bd3 e4 25. Bc2 f5 26. Bb2 Be5 27. Nab3
Nb1 28. Bc1 Nxd2+ 29. Nxd2 Bd5 30. f3 exf3 31. Nxf3 Bf6 32. Kf2 Nb6 33. g4 fxg4
34. hxg4 Kd6 35. Bf5 Be6 36. Bxe6 Kxe6 37. e4 Nd7 38. Ke2 Ba1 39. Ke3 Nf6 40.
Nd4+ Bxd4+ 41. Kxd4 Nxg4 42. Kc5 Nf2 43. Kd4 Ng4 44. Kc5 Nf6 45. Kd4 Nd7 46.
Bd2 Ne5 47. Be3 h5 48. Kc5 h4 0-1

[Event "European Club Cup 2006"]
[Site "Fuegen AUT"]
[Date "2006.10.10"]
[Round "3.130"]
[White "Heidenfeld, Mark"]
[Black "Lehtivaara, Petri"]
[Result "0-1"]
[WhiteElo "2365"]
[BlackElo "2381"]
[PlyCount "72"]
[EventDate "2006.10.08"]
[EventType "team"]
[EventRounds "7"]
[EventCountry "AUT"]
[Source "lmi"]
[SourceDate "2006.10.08"]

1. e4 e6 2. d4 d5 3. Nc3 Bb4 4. Nge2 Ne7 5. a3 Ba5 6. Qd3 Nbc6 7. e5 O-O 8. h4
f6 9. f4 Bb6 10. g4 Na5 11. h5 fxe5 12. fxe5 c5 13. b4 cxb4 14. axb4 Nc4 15.
Na4 Nc6 16. c3 N6xe5 17. dxe5 Nxe5 18. Qh3 Bf2+ 19. Kd1 d4 20. Bf4 dxc3+ 21.
Kc2 Rxf4 22. Nxf4 Qd2+ 23. Kb3 Qxf4 24. Nxc3 Bd7 25. Be2 Nc6 26. Bc4 Nd4+ 27.
Ka3 Nc2+ 28. Kb3 Nd4+ 29. Ka3 a5 30. Qd3 axb4+ 31. Kb2 bxc3+ 32. Qxc3 Rc8 33.
Qd3 b5 34. Bb3 Nxb3 35. Qxd7 Bd4+ 36. Kxb3 Qe3+ 0-1

[Event "European Club Cup 2006"]
[Site "Fuegen AUT"]
[Date "2006.10.10"]
[Round "3.131"]
[White "Hentunen, Asko"]
[Black "Mcphillips, Karl"]
[Result "1-0"]
[WhiteElo "2336"]
[BlackElo "2208"]
[PlyCount "59"]
[EventDate "2006.10.08"]
[EventType "team"]
[EventRounds "7"]
[EventCountry "AUT"]
[Source "lmi"]
[SourceDate "2006.10.08"]

1. c4 e5 2. g3 Nc6 3. Bg2 g6 4. Nc3 Bg7 5. Rb1 a5 6. a3 f5 7. d3 d6 8. b4 axb4
9. axb4 Nf6 10. Nf3 h6 11. b5 Ne7 12. O-O O-O 13. Nd2 c6 14. Qb3 Be6 15. Ba3
Qc7 16. Rfc1 Qd7 17. bxc6 bxc6 18. Qb4 Rfd8 19. Rb3 Bf8 20. Ra1 d5 21. Na4 dxc4
22. Nc5 Qd4 23. Bb2 c3 24. Qxd4 cxd2 25. Rf1 exd4 26. Nxe6 Rdb8 27. Rxb8 Rxb8
28. Bxd4 Ned5 29. e4 fxe4 30. dxe4 1-0

[Event "European Club Cup 2006"]
[Site "Fuegen AUT"]
[Date "2006.10.10"]
[Round "3.132"]
[White "Keogh, Eamon"]
[Black "Pulkkinen, Kari"]
[Result "0-1"]
[WhiteElo "2093"]
[BlackElo "2328"]
[PlyCount "50"]
[EventDate "2006.10.08"]
[EventType "team"]
[EventRounds "7"]
[EventCountry "AUT"]
[Source "lmi"]
[SourceDate "2006.10.08"]

1. e4 c5 2. Nc3 e6 3. g3 d5 4. Bg2 dxe4 5. Nxe4 Nd7 6. d3 Ngf6 7. Be3 Qb6 8.
Ne2 Nxe4 9. dxe4 Qxb2 10. O-O Be7 11. f4 Nf6 12. Qd3 Qb6 13. Rab1 c4 14. Qc3
Qc7 15. h3 h5 16. Rfd1 b6 17. Kh2 Bb7 18. f5 h4 19. Bf4 hxg3+ 20. Qxg3 e5 21.
Bxe5 Qxe5 22. Qxe5 Ng4+ 23. Kg3 Nxe5 24. Kf4 Bf6 25. Nd4 Ke7 0-1

[Event "European Club Cup 2006"]
[Site "Fuegen AUT"]
[Date "2006.10.10"]
[Round "3.135"]
[White "Bujupi, Bajram"]
[Black "Cobb, Charles"]
[Result "1/2-1/2"]
[WhiteElo "2227"]
[BlackElo "2410"]
[PlyCount "63"]
[EventDate "2006.10.08"]
[EventType "team"]
[EventRounds "7"]
[EventCountry "AUT"]
[Source "lmi"]
[SourceDate "2006.10.08"]

1. d4 e6 2. Nf3 Nf6 3. Bf4 c5 4. e3 b6 5. Nbd2 Be7 6. h3 O-O 7. Bd3 Bb7 8. O-O
Nc6 9. c3 d5 10. Qe2 Re8 11. Ne5 Nxe5 12. Bxe5 Nd7 13. Bg3 a6 14. a3 Nf8 15. b4
Bd6 16. Bxd6 Qxd6 17. f4 f6 18. Nf3 a5 19. b5 cxd4 20. cxd4 Rac8 21. Qb2 Rc7
22. Rac1 Rec8 23. Kf2 Qd7 24. g4 Rxc1 25. Rxc1 Rc7 26. g5 Rxc1 27. Qxc1 f5 28.
Ne5 Qc8 29. Qd2 Ng6 30. Nf3 Nf8 31. h4 Qc7 32. Kg3 1/2-1/2

[Event "European Club Cup 2006"]
[Site "Fuegen AUT"]
[Date "2006.10.10"]
[Round "3.137"]
[White "Murtez, Hondozi"]
[Black "Kett, Tim"]
[Result "1/2-1/2"]
[WhiteElo "2318"]
[BlackElo "2234"]
[PlyCount "142"]
[EventDate "2006.10.08"]
[EventType "team"]
[EventRounds "7"]
[EventCountry "AUT"]
[Source "lmi"]
[SourceDate "2006.10.08"]

1. e4 e5 2. Nf3 d6 3. d4 f5 4. Nc3 fxe4 5. Nxe4 Nf6 6. Bg5 Be7 7. Bxf6 gxf6 8.
dxe5 dxe5 9. Bd3 Be6 10. Qe2 O-O 11. O-O-O Qe8 12. Bc4 Bxc4 13. Qxc4+ Qf7 14.
Qxf7+ Kxf7 15. g4 Nc6 16. c3 Ke6 17. Nh4 b5 18. Nf5 b4 19. Kc2 bxc3 20. Kxc3
Bb4+ 21. Kc4 Rab8 22. a3 Na5+ 23. Kd3 Rfd8+ 24. Kc2 Bf8 25. Rxd8 Rxd8 26. Rd1
Rxd1 27. Kxd1 Nc4 28. Kc2 Nd6 29. Neg3 e4 30. Kc3 Nxf5 31. gxf5+ Ke5 32. Kc4
Bh6 33. Ne2 Kxf5 34. Kd5 Kg4 35. Kxe4 f5+ 36. Kd3 Bg7 37. b4 Be5 38. Ke3 Bxh2
39. Nd4 h5 40. f3+ Kg5 41. Kf2 Kf6 42. Nc6 Ke6 43. Kg2 Bd6 44. Nxa7 Kd5 45. Kh3
Kc4 46. Kh4 Kb3 47. Nc8 Bf8 48. Kxh5 Kxa3 49. b5 Kb4 50. b6 cxb6 51. Nxb6 Kb5
52. Nd7 Bd6 53. Kg5 Kc6 54. Nf6 f4 55. Kf5 Bb8 56. Ke6 Ba7 57. Nd7 Be3 58. Ne5+
Kc7 59. Ng6 Kd8 60. Kf5 Ke8 61. Nxf4 Kf7 62. Ne6 Bc1 63. Ng5+ Kg7 64. Ne4 Kf7
65. Nc5 Ke7 66. Nd3 Bd2 67. Ne5 Bc1 68. Nc6+ Kd6 69. Nd4 Kd5 70. Ne2 Bd2 71.
Ng3 Bc1 1/2-1/2

[Event "European Club Cup 2006"]
[Site "Fuegen AUT"]
[Date "2006.10.10"]
[Round "3.138"]
[White "Trevelyan, John"]
[Black "Sahitaj, Naim"]
[Result "1-0"]
[WhiteElo "2228"]
[BlackElo "2248"]
[PlyCount "115"]
[EventDate "2006.10.08"]
[EventType "team"]
[EventRounds "7"]
[EventCountry "AUT"]
[Source "lmi"]
[SourceDate "2006.10.08"]

1. d4 d5 2. Nf3 Nf6 3. c4 e6 4. Nc3 a6 5. cxd5 Nxd5 6. Nxd5 Qxd5 7. e3 c5 8.
Be2 Nc6 9. dxc5 Qxd1+ 10. Bxd1 Bxc5 11. Bd2 f6 12. Rc1 Bd6 13. Bc3 e5 14. Bb3
Ke7 15. O-O Be6 16. Bxe6 Kxe6 17. e4 Rac8 18. a3 Na7 19. Rfd1 Rc6 20. Kf1 Rhc8
21. Bd2 Rc4 22. Be3 Bb8 23. Rxc4 Rxc4 24. Nd2 Rc2 25. Nb3 Rc7 26. Bb6 Re7 27.
Bd8 Re8 28. Nc5+ Kf7 29. Rd7+ Kg6 30. Nxb7 Nc6 31. Bb6 Rc8 32. Nc5 Ba7 33. Bxa7
Nxa7 34. Ne6 Rc1+ 35. Ke2 Nb5 36. Rxg7+ Kh6 37. Rg3 Rc6 38. Ng7 Nd4+ 39. Kd3
Rd6 40. Kc4 Rd7 41. Nf5+ Nxf5 42. exf5 Rd2 43. b4 Rxf2 44. a4 e4 45. b5 axb5+
46. axb5 Rxf5 47. b6 Re5 48. b7 Re8 49. Rb3 Rb8 50. Kd4 f5 51. Ke3 Kg5 52. h3
h5 53. Rb6 Kh4 54. Kf4 e3 55. Kxe3 Kg5 56. g3 h4 57. gxh4+ Kxh4 58. Kf4 1-0

[Event "European Club Cup 2006"]
[Site "Fuegen AUT"]
[Date "2006.10.10"]
[Round "3.141"]
[White "Jelling, Erik"]
[Black "Jones, Richard S"]
[Result "1/2-1/2"]
[WhiteElo "2393"]
[BlackElo "2354"]
[PlyCount "34"]
[EventDate "2006.10.08"]
[EventType "team"]
[EventRounds "7"]
[EventCountry "AUT"]
[Source "lmi"]
[SourceDate "2006.10.08"]

1. d4 Nf6 2. c4 g6 3. Nc3 Bg7 4. g3 O-O 5. Bg2 d6 6. e3 e5 7. Nge2 Re8 8. O-O
e4 9. f3 exf3 10. Bxf3 c6 11. Nf4 Bf5 12. g4 Be4 13. g5 Bxf3 14. Qxf3 Nfd7 15.
h4 Qe7 16. Bd2 Na6 17. Rf2 Rf8 1/2-1/2

[Event "European Club Cup 2006"]
[Site "Fuegen AUT"]
[Date "2006.10.10"]
[Round "3.143"]
[White "Rasmussen, Casper"]
[Black "Cast, Abigail"]
[Result "1-0"]
[WhiteElo "2316"]
[BlackElo "2101"]
[PlyCount "81"]
[EventDate "2006.10.08"]
[EventType "team"]
[EventRounds "7"]
[EventCountry "AUT"]
[Source "lmi"]
[SourceDate "2006.10.08"]

1. c4 e5 2. g3 Nf6 3. Bg2 c6 4. d4 exd4 5. Qxd4 Na6 6. Nc3 Bc5 7. Qd1 O-O 8.
Nf3 d5 9. cxd5 Nxd5 10. Nxd5 Qxd5 11. Qxd5 cxd5 12. a3 Re8 13. b4 Bb6 14. Bb2
Bf5 15. Rd1 Be4 16. O-O Rac8 17. Rd2 Nc7 18. Bh3 Rcd8 19. Nd4 a5 20. Rfd1 axb4
21. axb4 Na6 22. Bc3 Nb8 23. b5 Nd7 24. Nb3 Nc5 25. Nxc5 Bxc5 26. Bd4 Bxd4 27.
Rxd4 h6 28. R1d2 Rd6 29. f3 Bg6 30. Kf2 Red8 31. e4 Kf8 32. e5 Rb6 33. Rxd5
Rxd5 34. Rxd5 Bc2 35. Ke3 Ba4 36. Bf1 Ke7 37. Kd4 Bb3 38. Rc5 Kd7 39. Kc3 Be6
40. Kb4 Bf5 41. Bc4 1-0

[Event "European Club Cup 2006"]
[Site "Fuegen AUT"]
[Date "2006.10.10"]
[Round "3.144"]
[White "Saunders, Robert"]
[Black "Pedersen, Finn"]
[Result "1-0"]
[WhiteElo "2124"]
[BlackElo "2317"]
[PlyCount "39"]
[EventDate "2006.10.08"]
[EventType "team"]
[EventRounds "7"]
[EventCountry "AUT"]
[Source "lmi"]
[SourceDate "2006.10.08"]

1. e4 c6 2. d4 d5 3. Nd2 dxe4 4. Nxe4 Bf5 5. Ng3 Bg6 6. h4 h6 7. Nf3 Nd7 8. h5
Bh7 9. Bd3 Bxd3 10. Qxd3 Ngf6 11. Bd2 e6 12. Qe2 Be7 13. O-O-O O-O 14. Ne5 c5
15. dxc5 Bxc5 16. Nxd7 Qxd7 17. Ne4 Qe7 18. Nxc5 Qxc5 19. Bc3 Nd5 20. Qe5 1-0

[Event "European Club Cup 2006"]
[Site "Fuegen AUT"]
[Date "2006.10.10"]
[Round "3.147"]
[White "Hausrath, Daniel"]
[Black "Mehmeti, Dritan"]
[Result "1/2-1/2"]
[WhiteElo "2529"]
[BlackElo "2396"]
[PlyCount "48"]
[EventDate "2006.10.08"]
[EventType "team"]
[EventRounds "7"]
[EventCountry "AUT"]
[Source "lmi"]
[SourceDate "2006.10.08"]

1. Nf3 Nf6 2. g3 c5 3. c4 Nc6 4. Bg2 e5 5. Nc3 d6 6. O-O Be7 7. d3 O-O 8. a3 h6
9. Ne1 Be6 10. Nd5 Qd7 11. Nc2 Rab8 12. b4 b5 13. Bd2 Nd4 14. Nce3 Rfc8 15.
Nxf6+ Bxf6 16. Nd5 bxc4 17. dxc4 cxb4 18. e3 Bxd5 19. Bxd5 Nc6 20. axb4 Nxb4
21. Bxb4 Rxb4 22. Ra6 Rb6 23. Rxb6 axb6 24. Qh5 Rf8 1/2-1/2

[Event "European Club Cup 2006"]
[Site "Fuegen AUT"]
[Date "2006.10.10"]
[Round "3.154"]
[White "Tweedie, Steven"]
[Black "Waters, Michael"]
[Result "1-0"]
[WhiteElo "2239"]
[BlackElo "2110"]
[PlyCount "61"]
[EventDate "2006.10.08"]
[EventType "team"]
[EventRounds "7"]
[EventCountry "AUT"]
[Source "lmi"]
[SourceDate "2006.10.08"]

1. e4 c5 2. Nc3 Nc6 3. g3 h5 4. Nf3 Nf6 5. Bg2 d6 6. h3 e5 7. d3 Be7 8. Be3 Nd4
9. Qd2 b5 10. Ng5 b4 11. Nd1 a5 12. b3 Ne6 13. O-O O-O 14. Nxe6 Bxe6 15. f4 Rb8
16. c4 Nh7 17. f5 Bd7 18. h4 Nf6 19. Bf3 g6 20. Bh6 Re8 21. Ne3 Kh7 22. Bg5 Bc6
23. Rf2 Rf8 24. Raf1 Ng8 25. Bxe7 Qxe7 26. Bxh5 gxh5 27. f6 Qe6 28. Rf5 Nh6 29.
Rxh5 Rh8 30. Rxh6+ Kg8 31. Nf5 1-0